The clue in the old album / (Record no. 4701)

MARC details
000 -LEADER
fixed length control field 00848nam a22002897a 4500
001 - CONTROL NUMBER
control field 4701
003 - CONTROL NUMBER IDENTIFIER
control field FISKH
005 - DATE AND TIME OF LATEST TRANSACTION
control field 20240923104300.0
008 - FIXED-LENGTH DATA ELEMENTS--GENERAL INFORMATION
fixed length control field 240923b cb ||||| |||| 00| 0 eng d
020 ## - INTERNATIONAL STANDARD BOOK NUMBER
International Standard Book Number 9780006925040
040 ## - CATALOGING SOURCE
Original cataloging agency FISKH
Language of cataloging eng
Transcribing agency FISKH
Modifying agency FISKH
050 ## - LIBRARY OF CONGRESS CALL NUMBER
Classification number PZ7.K23
082 ## - DEWEY DECIMAL CLASSIFICATION NUMBER
Edition number 823.9
100 ## - MAIN ENTRY--PERSONAL NAME
Personal name Keene, Carolyn
Dates associated with a name 1929-
245 ## - TITLE STATEMENT
Title The clue in the old album /
Statement of responsibility, etc. Carolyn Keene
250 ## - EDITION STATEMENT
Edition statement First published in 1974
260 ## - PUBLICATION, DISTRIBUTION, ETC.
Place of publication, distribution, etc. London :
Name of publisher, distributor, etc. Armada,
Date of publication, distribution, etc. 1974.
300 ## - PHYSICAL DESCRIPTION
Extent 157 pages :
Dimensions 18cm
505 ## - FORMATTED CONTENTS NOTE
Formatted contents note R<br/>
520 ## - SUMMARY, ETC.
Summary, etc. At a doll collector's request for help, a young sleuth searches for an old album, a lost doll, and a missing gypsy violinist.
521 8# - TARGET AUDIENCE NOTE
Target audience note 710L<br/>
Source Lexile <br/>
521 8# - TARGET AUDIENCE NOTE
Target audience note R<br/>
Source Raz-Plus<br/>
650 ## - SUBJECT ADDED ENTRY--TOPICAL TERM
Source of heading or term Mystery
Topical term or geographic name entry element Series
650 ## - SUBJECT ADDED ENTRY--TOPICAL TERM
Source of heading or term Detective
Topical term or geographic name entry element Young adult
942 ## - ADDED ENTRY ELEMENTS (KOHA)
Source of classification or shelving scheme Dewey Decimal Classification
Koha item type Books
Suppress in OPAC No
Holdings
Withdrawn status Lost status Source of classification or shelving scheme Damaged status Not for loan Collection Home library Current library Shelving location Date acquired Total Checkouts Full call number Barcode Date last seen Copy number Price effective from Koha item type
    Dewey Decimal Classification     Fiction Footprints International School Library Network Toul Kork Campus Footprints International School Library Network Toul Kork Campus TTP Primary Orange Bookshelves 09/23/2024   KEE 823.9 PZ7.K23 2024-2061 09/23/2024 1 09/23/2024 Books